| LEADER | 02569nam a2200409 i 4500 | ||
|---|---|---|---|
| 001 | 311357 | ||
| 003 | CZ PrSKC | ||
| 005 | 20260601215704.0 | ||
| 007 | ta | ||
| 008 | 210528s2021 xr g 000 f cze | ||
| 015 | |a cnb003325907 | ||
| 020 | |a 9788075511942 |q (vázáno) | ||
| 035 | |a (OCoLC)1263265102 | ||
| 040 | |a ABG001 |b cze |e rda | ||
| 072 | 7 | |a 821.162.3-3 |x Česká próza |2 Konspekt | |
| 080 | |a 821.162.3-31 |2 MRF | ||
| 080 | |a (0:82-311.6) |2 MRF | ||
| 100 | 1 | |a Návara, David, |d 1981- |7 xx0236022 |4 aut | |
| 245 | 1 | 0 | |a Wavesbury. |p Smrt mezi kapkami deště / |c David Návara |
| 246 | 3 | 0 | |a Smrt mezi kapkami deště |
| 264 | 1 | |a [Praha] : |b Jonathan Livingston, |c 2021 | |
| 300 | |a 588 stran ; |c 22 cm | ||
| 336 | |a text |b txt |2 rdacontent | ||
| 337 | |a bez média |b n |2 rdamedia | ||
| 338 | |a svazek |b nc |2 rdacarrier | ||
| 520 | 2 | |a Další díl historické ságy z druhé poloviny 18. století. |b Někdejší markytánka Mary se chystá oslavit své devatenácté narozeniny, první jako komtesa z Wavesbury. Přípravy zastíní zdánlivě nesouvisející vraždy a únosy. Obětí jednoho z nich se stává i Mary - společně s mužem, na kterém jí začíná záležet. Musí ze sebe vydat vše, aby s pomocí své nové rodiny unikla osudu, který může být horší než smrt. Důstojník z Wavesburyho regimentu je obviněn z vraždy vyděrače kvůli neznámé ženě. Zbývá jen na Mary a jejím adoptivním otci hraběti z Wavesbury, aby ho zachránili před šibenicí, ke které téměř dobrovolně kráčí. Přímo ve Wavesburyho domě umírá prostý skotský voják a jeho poslední slova obsahují krom varování překvapivé znalosti o Wavesburyho rodině. Nezbývá než se vypravit do Skotska, a lady Mary tak musí znovu obléci prostý oděv markytánky... Nakladatelská anotace. Kráceno. | |
| 546 | |a Český text | ||
| 655 | 7 | |a české romány |7 fd133974 |2 czenas | |
| 655 | 7 | |a historické romány |7 fd132414 |2 czenas | |
| 655 | 9 | |a Czech fiction |2 eczenas | |
| 655 | 9 | |a historical novels |2 eczenas | |
| 787 | 0 | 8 | |i Z cyklu: |t Wavesbury |g 4 |
| 900 | |a ABA001 |b 21 | ||
| 044 | |a xr | ||
| 910 | |a RBIT002 | ||
| 998 | |d 327025 |a https://core.palmknihy.cz/api/books/327025/cover?si6tn9 |b https://core.palmknihy.cz/api/books/327025/cover/400?si6tn9 |c https://core.palmknihy.cz/api/books/327025/cover/50?si6tn9 |e 2030-12-31 |g 602 |i 9788075511942 |j https://core.palmknihy.cz/api/books/327025/preview.epub |k https://core.palmknihy.cz/api/books/327025/preview.pdf |l |q 49 |r 1 |s https://www.palmknihy.cz/kniha/327025 |t ebook |y 2021 |z 0 |v Wavesbury |w 4 | ||
| 999 | |d 311355 | ||